00843nam a2200253Ia 4500001000900000003000500009005001700014008004100031010001100072040000900083082001600092110005100108245008200159260001700241300001000258410004000268610005300308901001600361902000600377905006300383942001500446999001900461952010900480dia_1087CHAP20221129180411.0220117sS.P. xx 000 0 und d a171633 cCHAP a338.980 C66 aCorporación Financiera Internacional9150002 aLa CFI en América Latina /c por la Corporación Financiera Internacional aS.P.I.cS.P. a95 p. aMIEMBRO DEL GRUPO DEL BANCO MUNDIAL a1.Corporación Financiera Internacional9150003 a338.980 C66 aM a000000S.P.I SP X 0000000000SPA00 cLIBRO2ddc c171633d171633 00102ddc40708GRALaIA_bIA_c1d2022-01-18f1l0pdia_434r2022-01-18 00:00:00t1w2022-01-18yLIBRO